[Event "Vojvodina-chT 21st"]
[Site "Backa Palanka"]
[Date "2021.10.30"]
[Round "11.4"]
[White "Vujadinovic, Goran"]
[Black "Mikheev, Stanislav Valerievi"]
[Result "0-1"]
[WhiteElo "2275"]
[BlackElo "2328"]
[PlyCount "58"]
[EventDate "2021.10.23"]
[EventType "team-tourn"]
[EventRounds "11"]
[EventCountry "SRB"]
[SourceTitle "EXT 2023"]
[Source "ChessBase"]
[SourceDate "2022.10.05"]
[SourceVersion "1"]
[SourceVersionDate "2022.10.05"]
[SourceQuality "1"]
[WhiteTeam "Backa Palanka"]
[BlackTeam "Sombor"]
[WhiteTeamCountry "SRB"]
[BlackTeamCountry "SRB"]

1. Nf3 Nf6 2. g3 d5 3. Bg2 c6 4. b3 Bf5 5. Bb2 e6 6. 0-0 h6 7. d3 Be7 8. Nbd2 0-0 9. Qe1 Bh7 10. e4 a5 11. a4 Na6 12. Qe2 Nb4 13. Rac1 b5 14. Ne5 Qb6 15. c3 Na6 16. exd5 cxd5 17. axb5 Qxb5 18. c4 Qb7 19. cxd5 Nxd5 20. Nc6 Bg5 21. h4 Bxd2 22. Qxd2 Qxb3 23. Bxd5 exd5 24. Ne7+ Kh8 25. Rc6 d4 26. Bxd4 f6 27. Re1 Nb4 28. Rc7 Qxd3 29. Qf4 Nc2 0-1

[Event "Vojvodina-chT 21st"]
[Site "Backa Palanka"]
[Date "2021.10.28"]
[Round "8.3"]
[White "Vujadinovic, Goran"]
[Black "Grujic, Zoran"]
[Result "1/2-1/2"]
[WhiteElo "2275"]
[BlackElo "2323"]
[PlyCount "27"]
[EventDate "2021.10.23"]
[EventType "team-tourn"]
[EventRounds "11"]
[EventCountry "SRB"]
[SourceTitle "CBM 204 Extra"]
[Source "ChessBase"]
[SourceDate "2021.11.30"]
[SourceVersion "1"]
[SourceVersionDate "2021.11.30"]
[SourceQuality "1"]
[WhiteTeam "Backa Palanka"]
[BlackTeam "Novi Sad Vojvodina"]
[WhiteTeamCountry "SRB"]
[BlackTeamCountry "SRB"]

1. Nf3 Nf6 2. g3 d5 3. Bg2 c5 4. 0-0 Nc6 5. d3 g6 6. c3 Bg7 7. Qa4 0-0 8. Qa3 b6 9. b4 Nd7 10. bxc5 Nxc5 11. Be3 Qd6 12. Nbd2 Ne4 13. Qxd6 Nxd6 14. Rac1 1/2-1/2

[Event "Vojvodina-chT 21st"]
[Site "Backa Palanka"]
[Date "2021.10.28"]
[Round "9.4"]
[White "Vujadinovic, Goran"]
[Black "Stocko, Josip"]
[Result "1/2-1/2"]
[WhiteElo "2275"]
[BlackElo "2234"]
[PlyCount "101"]
[EventDate "2021.10.23"]
[EventType "team-tourn"]
[EventRounds "11"]
[EventCountry "SRB"]
[SourceTitle "CBM 204 Extra"]
[Source "ChessBase"]
[SourceDate "2021.11.30"]
[SourceVersion "1"]
[SourceVersionDate "2021.11.30"]
[SourceQuality "1"]
[WhiteTeam "Backa Palanka"]
[BlackTeam "Rastina Polet"]
[WhiteTeamCountry "SRB"]
[BlackTeamCountry "SRB"]

1. e4 c5 2. d3 d6 3. g3 g6 4. Bg2 Bg7 5. f4 Nc6 6. Nf3 Nf6 7. 0-0 0-0 8. h3 Ne8 9. c3 e6 10. g4 d5 11. e5 f6 12. d4 Qb6 13. Kh1 a5 14. Na3 cxd4 15. cxd4 Bd7 16. Nc2 a4 17. Rb1 f5 18. Qe1 Nc7 19. Be3 Nb5 20. a3 Qd8 21. Rg1 Rc8 22. Qf2 Ne7 23. Rbc1 Na7 24. Bd2 Bb5 25. Bf1 Bxf1 26. Qxf1 Qd7 27. Qd3 Qb5 28. Qxb5 Nxb5 29. Bb4 Rfe8 30. Bc5 h6 31. Ne3 Rc7 32. Rc2 Kf7 33. Rcg2 fxg4 34. Rxg4 Bf8 35. Bxe7 Kxe7 36. Rxg6 Kd7 37. f5 Rc6 38. fxe6+ Rexe6 39. Rg8 Be7 40. Nxd5 Rc2 41. Rb8 Rf2 42. Rxb7+ Kc6 43. Rxe7 Kxd5 44. Rxe6 Kxe6 45. Rg6+ Kd5 46. Rf6 Rxb2 47. Rxh6 Rb3 48. Kg2 Rxa3 49. Kg3 Rb3 50. e6 Nxd4 51. Rf6 1/2-1/2

[Event "Senta op 25th"]
[Site "Senta"]
[Date "2021.07.19"]
[Round "4"]
[White "Ince, Taylan Ruzgar"]
[Black "Vujadinovic, Goran"]
[Result "1-0"]
[WhiteElo "2072"]
[BlackElo "2290"]
[PlyCount "77"]
[EventDate "2021.07.17"]
[EventType "swiss"]
[EventRounds "9"]
[EventCountry "SRB"]
[SourceTitle "EXT 2022"]
[Source "ChessBase"]
[SourceDate "2021.10.06"]
[SourceVersion "1"]
[SourceVersionDate "2021.10.06"]
[SourceQuality "1"]

1. e4 d6 2. d4 g6 3. Nc3 Bg7 4. f4 Nc6 5. Nf3 Bg4 6. Be3 Bxf3 7. gxf3 e6 8. Qd2 d5 9. 0-0-0 Nge7 10. h4 h5 11. Rg1 a6 12. Kb1 b5 13. f5 exf5 14. Bh3 b4 15. Na4 dxe4 16. fxe4 fxe4 17. Nc5 Qd5 18. Bd7+ Kf8 19. Rg5 Nf5 20. Rf1 Nce7 21. Qxb4 Kg8 22. c3 Rd8 23. Ba4 Nxe3 24. Rxd5 N7xd5 25. Qb7 Nxf1 26. Nxe4 Nfe3 27. Bb3 g5 28. c4 gxh4 29. cxd5 Rh6 30. Qxc7 Rf8 31. d6 Rg6 32. a4 Bxd4 33. d7 Bb6 34. d8Q Rg1+ 35. Ka2 Bxc7 36. Nf6+ Kg7 37. Nxh5+ Kg8 38. Qxc7 Ng4 39. Qf4 1-0

[Event "Vojvodina-chT 2nd League"]
[Site "Backa Palanka"]
[Date "2020.10.22"]
[Round "10.3"]
[White "Vujadinovic, Goran"]
[Black "Matovic, Petar"]
[Result "1-0"]
[WhiteElo "2299"]
[BlackElo "2082"]
[PlyCount "65"]
[EventDate "2020.10.16"]
[EventType "team-tourn"]
[EventRounds "11"]
[EventCountry "SRB"]
[SourceTitle "EXT 2022"]
[Source "ChessBase"]
[SourceDate "2021.10.06"]
[SourceVersion "1"]
[SourceVersionDate "2021.10.06"]
[SourceQuality "1"]
[WhiteTeam "Backa Palanka"]
[BlackTeam "Vojka Sremac"]
[WhiteTeamCountry "SRB"]
[BlackTeamCountry "SRB"]

1. Nf3 d5 2. g3 Nf6 3. Bg2 Bf5 4. 0-0 e6 5. b3 Be7 6. Bb2 0-0 7. d3 c5 8. Ne5 Qc7 9. Nd2 Nbd7 10. Nxd7 Qxd7 11. e4 Bg6 12. Qe2 Rfd8 13. Rad1 Rac8 14. h3 b5 15. e5 Ne8 16. f4 f5 17. exf6 Bxf6 18. Bxf6 Nxf6 19. Nf3 Bf7 20. Ne5 Qc7 21. Rde1 Re8 22. c4 bxc4 23. bxc4 Rb8 24. g4 dxc4 25. dxc4 Rb6 26. Qf2 Rd8 27. g5 Ne8 28. f5 exf5 29. Qxf5 Nd6 30. Qf4 Be6 31. Nc6 Rxc6 32. Rxe6 Rb6 33. Bd5 1-0

[Event "Vojvodina-chT 2nd League"]
[Site "Backa Palanka"]
[Date "2020.10.21"]
[Round "8.3"]
[White "Vujadinovic, Goran"]
[Black "Remecki, Sinisa"]
[Result "1/2-1/2"]
[WhiteElo "2299"]
[BlackElo "2214"]
[PlyCount "39"]
[EventDate "2020.10.16"]
[EventType "team-tourn"]
[EventRounds "11"]
[EventCountry "SRB"]
[SourceTitle "EXT 2022"]
[Source "ChessBase"]
[SourceDate "2021.10.06"]
[SourceVersion "1"]
[SourceVersionDate "2021.10.06"]
[SourceQuality "1"]
[WhiteTeam "Backa Palanka"]
[BlackTeam "Petrovaradin Kraljica"]
[WhiteTeamCountry "SRB"]
[BlackTeamCountry "SRB"]

1. e4 c5 2. Nf3 e6 3. Nc3 a6 4. d4 cxd4 5. Nxd4 Qc7 6. g3 Nf6 7. Bg2 Be7 8. 0-0 Nc6 9. Re1 0-0 10. Nb3 d6 11. a4 b6 12. g4 Bb7 13. g5 Nd7 14. f4 Nb4 15. Nd4 Rfe8 16. Be3 Bf8 17. Qd2 Nc6 18. Nde2 Rac8 19. Rac1 Red8 20. h4 1/2-1/2

[Event "Vojvodina-chT 2nd League"]
[Site "Backa Palanka"]
[Date "2020.10.18"]
[Round "4.3"]
[White "Vujadinovic, Goran"]
[Black "Grujic, Zoran"]
[Result "0-1"]
[WhiteElo "2299"]
[BlackElo "2319"]
[PlyCount "41"]
[EventDate "2020.10.16"]
[EventType "team-tourn"]
[EventRounds "11"]
[EventCountry "SRB"]
[SourceTitle "EXT 2022"]
[Source "ChessBase"]
[SourceDate "2021.10.06"]
[SourceVersion "1"]
[SourceVersionDate "2021.10.06"]
[SourceQuality "1"]
[WhiteTeam "Backa Palanka"]
[BlackTeam "Novi Sad Vojvodina"]
[WhiteTeamCountry "SRB"]
[BlackTeamCountry "SRB"]

1. e4 c5 2. d3 Nc6 3. g3 g6 4. Bg2 Bg7 5. f4 e6 6. Nf3 Nge7 7. 0-0 0-0 8. c3 b6 9. Na3 d6 10. Be3 Ba6 11. Re1 Qd7 12. Nc2 f5 13. Bf2 e5 14. fxe5 dxe5 15. d4 fxe4 16. Rxe4 cxd4 17. cxd4 Qf5 18. Rxe5 Nxe5 19. dxe5 Bb7 20. Ncd4 Qd7 21. Qe2 0-1

[Event "Vojvodina-chT"]
[Site "Novi Sad"]
[Date "2017.11.17"]
[Round "6.2"]
[White "Vujadinovic, Goran"]
[Black "Levnajic, Pavle"]
[Result "1-0"]
[WhiteElo "2322"]
[BlackElo "2229"]
[PlyCount "103"]
[EventDate "2017.11.13"]
[EventType "team-tourn"]
[EventRounds "11"]
[EventCountry "SRB"]
[SourceTitle "CBM 181 Extra"]
[Source "ChessBase"]
[SourceDate "2017.12.12"]
[SourceVersion "1"]
[SourceVersionDate "2017.12.12"]
[SourceQuality "1"]
[WhiteTeam "Stara Pazova"]
[BlackTeam "Srpska Crnja Buducnost"]
[WhiteTeamCountry "SRB"]
[BlackTeamCountry "SRB"]

1. g3 Nf6 2. Bg2 d5 3. Nf3 c6 4. 0-0 Bf5 5. b3 e6 6. Bb2 Nbd7 7. d3 h6 8. Nbd2 Bh7 9. Qe1 Be7 10. e4 0-0 11. Qe2 a5 12. a4 Nc5 13. e5 Nfd7 14. Nd4 Na6 15. f4 Nc7 16. g4 c5 17. Nb5 Nxb5 18. axb5 Nb6 19. f5 Bg5 20. Ba3 Nd7 21. c4 Qc7 22. cxd5 Nxe5 23. Ne4 exd5 24. Nxg5 hxg5 25. b6 Qd6 26. d4 Nd7 27. Qb5 Rfd8 28. Rad1 Nf6 29. Bxc5 Qb8 30. h3 Re8 31. Rf3 Re4 32. Rdf1 Qd8 33. R3f2 Re8 34. Re2 Rxe2 35. Qxe2 Qd7 36. Qe7 Qc6 37. Qc7 Qe8 38. Qe5 Qc6 39. Re1 Re8 40. Qg3 g6 41. Rxe8+ Nxe8 42. Qe5 gxf5 43. Qxd5 Qc8 44. Qxb7 Qe6 45. Qf3 fxg4 46. hxg4 Qe1+ 47. Kh2 Qh4+ 48. Qh3 Qf2 49. Qg3 Qe2 50. b7 Be4 51. b8Q Bxg2 52. Qxg2 1-0

[Event "Vojvodina-chT"]
[Site "Kac"]
[Date "2016.11.20"]
[Round "9.2"]
[White "Vujadinovic, Goran"]
[Black "Savanovic, Vuk"]
[Result "1/2-1/2"]
[WhiteElo "2338"]
[BlackElo "2284"]
[PlyCount "43"]
[EventDate "2016.11.15"]
[EventType "team-tourn"]
[EventRounds "11"]
[EventCountry "SRB"]
[SourceTitle "CBM 175 Extra"]
[Source "ChessBase"]
[SourceDate "2016.12.12"]
[SourceVersion "1"]
[SourceVersionDate "2016.12.12"]
[SourceQuality "1"]
[WhiteTeam "Stara Pazova"]
[BlackTeam "Vojvodina"]
[WhiteTeamCountry "SRB"]
[BlackTeamCountry "SRB"]

1. b3 Nf6 2. Bb2 e6 3. f4 d5 4. Nf3 c5 5. e3 Nc6 6. Bb5 Bd7 7. 0-0 Bd6 8. Bxc6 Bxc6 9. Ne5 Bxe5 10. fxe5 Nd7 11. Qh5 Qe7 12. d3 0-0 13. Nd2 f5 14. exf6 gxf6 15. Rf4 Rf7 16. Raf1 Kh8 17. Nf3 d4 18. exd4 Rg7 19. Nh4 Rag8 20. g3 Rg5 21. Qe2 cxd4 22. Nf5 1/2-1/2

[Event "Vojvodina-chT"]
[Site "Kac"]
[Date "2016.11.19"]
[Round "6.2"]
[White "Desnica, Vladan"]
[Black "Vujadinovic, Goran"]
[Result "1-0"]
[WhiteElo "2224"]
[BlackElo "2338"]
[PlyCount "67"]
[EventDate "2016.11.15"]
[EventType "team-tourn"]
[EventRounds "11"]
[EventCountry "SRB"]
[SourceTitle "CBM 175 Extra"]
[Source "ChessBase"]
[SourceDate "2016.12.12"]
[SourceVersion "1"]
[SourceVersionDate "2016.12.12"]
[SourceQuality "1"]
[WhiteTeam "Kraljica PTT"]
[BlackTeam "Stara Pazova"]
[WhiteTeamCountry "SRB"]
[BlackTeamCountry "SRB"]

1. c4 d6 2. Nc3 e5 3. g3 Nc6 4. Bg2 f5 5. e3 Nf6 6. Nge2 Be7 7. 0-0 0-0 8. b3 Qe8 9. f4 e4 10. d3 Nb4 11. dxe4 fxe4 12. a3 Nd3 13. Nxe4 Nxc1 14. Rxc1 Ng4 15. Qd2 Kh8 16. h3 Nh6 17. g4 c6 18. N4g3 Bd7 19. Kh2 Rd8 20. Qb2 Bxg4 21. hxg4 Nxg4+ 22. Kg1 Nxe3 23. Rf3 Nxg2 24. Kxg2 d5 25. cxd5 cxd5 26. Rf2 Bf6 27. Qd2 Qe7 28. b4 g6 29. Qd3 Qe6 30. Rh1 Rg8 31. f5 gxf5 32. Rxf5 Rg6 33. Rfh5 Be5 34. Rxe5 1-0

[Event "Vojvodina-chT"]
[Site "Kac"]
[Date "2016.11.16"]
[Round "2.2"]
[White "Strbac, Mladen"]
[Black "Vujadinovic, Goran"]
[Result "1-0"]
[WhiteElo "2318"]
[BlackElo "2338"]
[PlyCount "61"]
[EventDate "2016.11.15"]
[EventType "team-tourn"]
[EventRounds "11"]
[EventCountry "SRB"]
[SourceTitle "CBM 175 Extra"]
[Source "ChessBase"]
[SourceDate "2016.12.12"]
[SourceVersion "1"]
[SourceVersionDate "2016.12.12"]
[SourceQuality "1"]
[WhiteTeam "Krajisnik Krajina"]
[BlackTeam "Stara Pazova"]
[WhiteTeamCountry "SRB"]
[BlackTeamCountry "SRB"]

1. e4 Nc6 2. Nf3 d6 3. d4 g6 4. Bb5 a6 5. Bxc6+ bxc6 6. c4 Bg7 7. h3 Nf6 8. Nc3 0-0 9. 0-0 Nd7 10. Bg5 h6 11. Be3 Qe8 12. Qd2 Kh7 13. Ne2 e5 14. Qa5 exd4 15. Bxd4 Bxd4 16. Nexd4 c5 17. Nb5 Rb8 18. Nc3 Nb6 19. b3 Bb7 20. Rfe1 Qd8 21. Re3 f5 22. Rae1 f4 23. R3e2 g5 24. Nd5 h5 25. e5 Nxd5 26. cxd5 g4 27. exd6 Qxd6 28. Re7+ Kg8 29. R1e6 Qxd5 30. Rg6+ Kh8 31. Qc3+ 1-0

[Event "Vojvodina-chT"]
[Site "Kac"]
[Date "2016.11.15"]
[Round "1.2"]
[White "Vujadinovic, Goran"]
[Black "Bulajic, Ratko"]
[Result "1/2-1/2"]
[WhiteElo "2338"]
[BlackElo "2331"]
[PlyCount "66"]
[EventDate "2016.11.15"]
[EventType "team-tourn"]
[EventRounds "11"]
[EventCountry "SRB"]
[SourceTitle "CBM 175 Extra"]
[Source "ChessBase"]
[SourceDate "2016.12.12"]
[SourceVersion "1"]
[SourceVersionDate "2016.12.12"]
[SourceQuality "1"]
[WhiteTeam "Stara Pazova"]
[BlackTeam "Sombor"]
[WhiteTeamCountry "SRB"]
[BlackTeamCountry "SRB"]

1. g3 g6 2. Bg2 Bg7 3. e4 c5 4. f4 Nc6 5. d3 e6 6. Nf3 Nge7 7. 0-0 d6 8. c3 0-0 9. Na3 Rb8 10. Nc2 b5 11. a3 f5 12. exf5 gxf5 13. Be3 a5 14. Re1 h6 15. Bf2 Nd5 16. Nh4 Nce7 17. Ne3 Nxe3 18. Rxe3 Bd7 19. Qe2 Qc8 20. Re1 Rf6 21. d4 cxd4 22. cxd4 Qc4 23. Rc3 Qxe2 24. Rxe2 Rc8 25. Rxc8+ Bxc8 26. Rc2 Rf8 27. Rc7 Bf6 28. Nf3 Nd5 29. Ra7 Bd8 30. Nh4 Bb6 31. Ra8 Bb7 32. Rxf8+ Kxf8 33. Bf1 Bc6 1/2-1/2

[Event "Vojvodina-chT"]
[Site "Kac"]
[Date "2014.11.14"]
[Round "10.6"]
[White "Vujadinovic, Goran"]
[Black "Robulj, Nenad"]
[Result "1/2-1/2"]
[WhiteElo "2346"]
[BlackElo "2329"]
[PlyCount "30"]
[EventDate "2014.11.08"]
[EventType "team-tourn"]
[EventRounds "11"]
[EventCountry "SRB"]
[SourceTitle "EXT 2017"]
[Source "ChessBase"]
[SourceDate "2016.10.25"]
[SourceVersion "1"]
[SourceVersionDate "2016.10.25"]
[SourceQuality "1"]

1. Nf3 d5 2. g3 Nc6 3. Bg2 e5 4. d3 Nf6 5. c3 a5 6. 0-0 h6 7. Qc2 Bc5 8. Nxe5 Nxe5 9. d4 Bd6 10. dxe5 Bxe5 11. Nd2 0-0 12. Nf3 Bd6 13. Nd4 Re8 14. c4 dxc4 15. Qxc4 Qe7 1/2-1/2

[Event "Vojvodina-chT 2nd League"]
[Site "Stari Banovci"]
[Date "2013.11.06"]
[Round "4"]
[White "Dragojlovic, Andjelko"]
[Black "Vujadinovic, Goran"]
[Result "1/2-1/2"]
[WhiteElo "2337"]
[BlackElo "2364"]
[PlyCount "80"]
[EventDate "2013.11.03"]
[EventType "team-tourn"]
[EventRounds "11"]
[EventCountry "SRB"]
[SourceTitle "EXT 2015"]
[Source "ChessBase"]
[SourceDate "2014.11.20"]
[SourceVersion "1"]
[SourceVersionDate "2014.11.20"]
[SourceQuality "1"]

1. e4 d6 2. d4 g6 3. Nc3 Bg7 4. Be3 a6 5. h4 h6 6. Qd2 b5 7. f3 Bb7 8. Nh3 Nd7 9. a4 b4 10. Nd1 a5 11. Nhf2 e6 12. c3 bxc3 13. bxc3 Qc8 14. Nb2 Ba6 15. Nc4 d5 16. exd5 exd5 17. Na3 Bxf1 18. Kxf1 Ne7 19. g4 h5 20. Re1 hxg4 21. Nxg4 Nf5 22. Bf4+ Kf8 23. Nb5 Qa6 24. Kf2 Rc8 25. Nxc7 Qc4 26. Qe2 Bxd4+ 27. cxd4 Qxd4+ 28. Be3 Nxe3 29. Qxe3 Qxe3+ 30. Nxe3 Rxc7 31. Nxd5 Rc4 32. Re4 Rxe4 33. fxe4 Nc5 34. Kf3 Nxa4 35. Ra1 Nb2 36. Rxa5 Rxh4 37. Nf4 Nc4 38. Rc5 Nd2+ 39. Ke3 Nf1+ 40. Kf3 Nd2+ 1/2-1/2

[Event "Vojvodina-chT2"]
[Site "Vrbas"]
[Date "2011.09.30"]
[Round "8"]
[White "Vujadinovic, Goran"]
[Black "Kracunov, Bozidar"]
[Result "1-0"]
[WhiteElo "2370"]
[BlackElo "2078"]
[PlyCount "95"]
[EventDate "2011.09.25"]
[EventType "team-tourn"]
[EventRounds "11"]
[EventCountry "SRB"]
[SourceTitle "CBM 144 Extra"]
[Source "ChessBase"]
[SourceDate "2011.10.28"]
[SourceVersion "1"]
[SourceVersionDate "2011.10.28"]
[SourceQuality "1"]

1. g3 d5 2. Nf3 c5 3. Bg2 Nc6 4. 0-0 e5 5. d3 f5 6. c4 d4 7. e3 Be7 8. exd4 exd4 9. Re1 Nf6 10. Ng5 0-0 11. Ne6 Bxe6 12. Rxe6 Qd7 13. Re1 Bd6 14. Nd2 Ne5 15. Nf3 Nxf3+ 16. Qxf3 Rab8 17. Bd2 h6 18. Re2 Rfe8 19. Rae1 Rxe2 20. Rxe2 b6 21. Bh3 Qb7 22. Qxf5 Qf7 23. Re6 Be7 24. Qe5 Re8 25. Qe2 Bd6 26. Rxe8+ Qxe8 27. Qxe8+ Nxe8 28. f4 Kf7 29. Kf2 Nf6 30. Kf3 h5 31. Bc8 a5 32. h3 Bc7 33. g4 hxg4+ 34. hxg4 Ng8 35. f5 Ne7 36. Be6+ Ke8 37. g5 Nc6 38. Ke4 Ke7 39. Bd5 Nd8 40. Be1 Nf7 41. Bxf7 Kxf7 42. g6+ Ke8 43. Bh4 Bd6 44. Kd5 Kd7 45. Bd8 Kxd8 46. Kxd6 Ke8 47. Kc6 Ke7 48. Kxb6 1-0